• 首页
  • 本馆介绍
  • 公告通知
  • 最新文献
  • 馆藏检索
  • 电子资源
  • 读者导购
  • 参考咨询
  • 我的图书馆
  • 登录
  • 详细信息显示
  • 放入我的书架
  • 预约/预借图书
  • 作者相关作品
  • 分类相关作品
  • 丛书相关作品
  • 出版社相关作品

书目信息

  • 表格格式
  • 工作单格式
  • 卡片格式
题名:
北大文化产业评论
    
 
作者: 叶朗 主编
分册: 2015年  
出版信息: 北京   华文出版社  2015
页数: 271页
开本: 24cm
丛书名:
单 册:
中图分类: G114-53
科图分类:
主题词: 文化产业--Wen Hua Chan Ye--文集
电子资源:
ISBN: 978-7-5075-4387-2
000 00854nam0 22002411 450
001 349886
005 20161010090951.81
010    @a978-7-5075-4387-2@dCNY60.00
100    @a20160219d2015 em y0chiy50 ea
101 0  @achi@aeng
102    @aCN@b110000
105    @ay z 000yy
106    @ar
200 1  @a北大文化产业评论@ABei Da Wen Hua Chan Ye Ping Lun@h2015年@f叶朗主编
210    @a北京@c华文出版社@d2015
215    @a271页@d24cm
304    @a英文共同题名:Peking University cultural industries review
330    @a本书收录了《全国公共文化投入均等化差距检测》、《转变我国文化创意产业发展方式的意义和途径》、《城市文化科技的创新机理与本土实践》等文章。
606 0  @a文化产业@AWen Hua Chan Ye@j文集
690    @aG114-53@v5
701  0 @a叶朗@AYe Lang@f(1938.10~)@4主编
801  0 @aCN@bTANGWEI@20160802
905    @b0887255-9@dG114-53@e47@f5
    
    北大文化产业评论.2015年/叶朗主编 .-北京:华文出版社,2015
    271页;24cm
    
    
    ISBN 978-7-5075-4387-2:CNY60.00
    本书收录了《全国公共文化投入均等化差距检测》、《转变我国文化创意产业发展方式的意义和途径》、《城市文化科技的创新机理与本土实践》等文章。
●
相关链接 在E读中查询图书 在五车中查询图书 在当当中查询图书 在豆瓣中查询图书


正题名:北大文化产业评论     索取号:G114-53/47         预约/预借

序号 登录号 条形码 馆藏地/架位号 状态 备注
1 0887255   208872558   第一样本阅览室/ [索取号:G114-53/47] 在馆    
2 0887256   208872567   第四借阅区/ [索取号:G114-53/47] 在馆    
3 0887257   208872576   第四借阅区/ [索取号:G114-53/47] 在馆    
4 0887258   208872585   第四借阅区/ [索取号:G114-53/47] 在馆    
5 0887259   208872594   第四借阅区/ [索取号:G114-53/47] 在馆    
唐山师范学院图书馆 欢迎您!
大连网信软件有限公司© 版权所有